<?xml version="1.0" encoding="UTF-8"?>
<record
    xmlns:xsi="http://www.w3.org/2001/XMLSchema-instance"
    xsi:schemaLocation="http://www.loc.gov/MARC21/slim http://www.loc.gov/standards/marcxml/schema/MARC21slim.xsd"
    xmlns="http://www.loc.gov/MARC21/slim">

  <leader>02483nam a2200373 a 4500</leader>
  <controlfield tag="001">000000527</controlfield>
  <controlfield tag="005">20200929145344.0</controlfield>
  <controlfield tag="008">081201t2005    dr abd        001 0 spa d</controlfield>
  <datafield tag="020" ind1=" " ind2=" ">
    <subfield code="a">9993423602</subfield>
  </datafield>
  <datafield tag="020" ind1=" " ind2=" ">
    <subfield code="a">9789993423607</subfield>
  </datafield>
  <datafield tag="040" ind1=" " ind2=" ">
    <subfield code="a">DO-SdBNP</subfield>
    <subfield code="b">spa</subfield>
    <subfield code="c">BNPHU</subfield>
  </datafield>
  <datafield tag="082" ind1=" " ind2=" ">
    <subfield code="a">917.293</subfield>
    <subfield code="b">G112s, 2005</subfield>
  </datafield>
  <datafield tag="100" ind1="1" ind2=" ">
    <subfield code="a">Gabb, Williams M.,</subfield>
    <subfield code="d">1839-1878</subfield>
    <subfield code="9">1740</subfield>
  </datafield>
  <datafield tag="240" ind1="1" ind2="0">
    <subfield code="a">On the topography and geology of Santo Domingo.</subfield>
    <subfield code="l">espa&#xF1;ol</subfield>
  </datafield>
  <datafield tag="245" ind1="1" ind2="0">
    <subfield code="a">Sobre la topograf&#xED;a y geolog&#xED;a de Santo Domingo /</subfield>
    <subfield code="c">Williams M. Gabb ; presentaci&#xF3;n Romeo A. Llin&#xE1;s, Iv&#xE1;n Tavares C. ; traductor Ram&#xF3;n Cedano Melo.</subfield>
  </datafield>
  <datafield tag="250" ind1=" " ind2=" ">
    <subfield code="a">2a ed.</subfield>
  </datafield>
  <datafield tag="260" ind1=" " ind2=" ">
    <subfield code="a">Santo Domingo :</subfield>
    <subfield code="b">Sociedad Dominicana de Bibli&#xF3;filos,</subfield>
    <subfield code="c">2005.</subfield>
  </datafield>
  <datafield tag="300" ind1=" " ind2=" ">
    <subfield code="a">292 p. :</subfield>
    <subfield code="b">il., mapa ;</subfield>
    <subfield code="c">23 cm.</subfield>
  </datafield>
  <datafield tag="490" ind1="1" ind2=" ">
    <subfield code="a">Bibli&#xF3;filos 2000</subfield>
    <subfield code="v">15</subfield>
  </datafield>
  <datafield tag="500" ind1=" " ind2=" ">
    <subfield code="a">Extracto de las memorias de la Sociedad Filos&#xF3;fica Americana</subfield>
  </datafield>
  <datafield tag="500" ind1=" " ind2=" ">
    <subfield code="a">Traducido del ingl&#xE9;s</subfield>
  </datafield>
  <datafield tag="504" ind1=" " ind2=" ">
    <subfield code="a">Incluye bibliograf&#xED;a y notas al pie de p&#xE1;ginas.</subfield>
  </datafield>
  <datafield tag="504" ind1=" " ind2=" ">
    <subfield code="a">Bibliograf&#xED;a: p. 281-283.</subfield>
  </datafield>
  <datafield tag="505" ind1="0" ind2=" ">
    <subfield code="a">Introducci&#xF3;n /</subfield>
    <subfield code="r">Mariano Mella --</subfield>
    <subfield code="t">Perfil biogr&#xE1;fico del autor /</subfield>
    <subfield code="r">Octavio Amiama de Castro --</subfield>
    <subfield code="t">Presentaci&#xF3;n /</subfield>
    <subfield code="r">Romeo A. Llin&#xE1;s, Iv&#xE1;n Tavares C. --</subfield>
    <subfield code="t">Introducci&#xF3;n /</subfield>
    <subfield code="r">Williams M. Gabb --</subfield>
    <subfield code="g">Art&#xED;culo. IV. Sobre la topograf&#xED;a y geolog&#xED;a de Santo Domingo (le&#xED;do ante la Sociedad Filos&#xF3;fica Americana, 18 de octubre de 1872) :</subfield>
    <subfield code="g">Parte I.</subfield>
    <subfield code="t">Descripci&#xF3;n topogr&#xE1;fica :</subfield>
    <subfield code="t">Topograf&#xED;a de la Cordillera Central --</subfield>
    <subfield code="t">Topograf&#xED;a de la regi&#xF3;n al norte de la Cordillera Central --</subfield>
    <subfield code="t">Topograf&#xED;a de la regi&#xF3;n al sur de la Cordillera Central --</subfield>
    <subfield code="g">Parte II.</subfield>
    <subfield code="t">Formaciones geol&#xF3;gicas :</subfield>
    <subfield code="t">El grupo sierra --</subfield>
    <subfield code="t">Rocas intrusivas --</subfield>
    <subfield code="t">El mioceno --</subfield>
    <subfield code="t">Post-plioceno o formaci&#xF3;n costera --</subfield>
    <subfield code="g">Parte III.</subfield>
    <subfield code="t">Geolog&#xED;a local :</subfield>
    <subfield code="t">Geolog&#xED;a de la Cordillera Central --</subfield>
    <subfield code="t">Geolog&#xED;a de los valles y estribaciones norte de la Cordillera Central --</subfield>
    <subfield code="t">Geolog&#xED;a de la Sierra de Monte Cristi --</subfield>
    <subfield code="t">Geolog&#xED;a de Saman&#xE1; --</subfield>
    <subfield code="t">Geolog&#xED;a de la regi&#xF3;n al sur de la Cordillera Central --</subfield>
    <subfield code="g">Parte IV. Paleontolog&#xED;a :</subfield>
    <subfield code="t">Cat&#xE1;logo descriptivo de los mol&#xFA;scos f&#xF3;siles --</subfield>
    <subfield code="t">Referencias.</subfield>
  </datafield>
  <datafield tag="650" ind1=" " ind2="4">
    <subfield code="a">Topograf&#xED;a</subfield>
    <subfield code="z">Rep&#xFA;blica Dominicana</subfield>
    <subfield code="9">1741</subfield>
  </datafield>
  <datafield tag="650" ind1=" " ind2="4">
    <subfield code="a">Geolog&#xED;a</subfield>
    <subfield code="z">Rep&#xFA;blica Dominicana</subfield>
    <subfield code="9">1742</subfield>
  </datafield>
  <datafield tag="650" ind1=" " ind2="4">
    <subfield code="a">Paleontolog&#xED;a</subfield>
    <subfield code="9">1743</subfield>
  </datafield>
  <datafield tag="700" ind1="1" ind2=" ">
    <subfield code="a">Cedano Melo, Ram&#xF3;n,</subfield>
    <subfield code="e">tr.</subfield>
    <subfield code="9">1744</subfield>
  </datafield>
  <datafield tag="700" ind1="1" ind2=" ">
    <subfield code="a">Llin&#xE1;s, Romeo A.,</subfield>
    <subfield code="e">pr&#xF3;l.</subfield>
    <subfield code="9">1745</subfield>
  </datafield>
  <datafield tag="700" ind1="1" ind2=" ">
    <subfield code="a">Tavares C., Iv&#xE1;n,</subfield>
    <subfield code="e">pr&#xF3;l.</subfield>
    <subfield code="9">1746</subfield>
  </datafield>
  <datafield tag="710" ind1="1" ind2="2">
    <subfield code="a">Sociedad Filos&#xF3;fica Americana</subfield>
    <subfield code="9">1747</subfield>
  </datafield>
  <datafield tag="830" ind1=" " ind2="0">
    <subfield code="a">Bibli&#xF3;filos 2000</subfield>
    <subfield code="n">15</subfield>
    <subfield code="9">1748</subfield>
  </datafield>
  <datafield tag="910" ind1=" " ind2=" ">
    <subfield code="a">Validado. Control de calidad BNPHU</subfield>
  </datafield>
  <datafield tag="952" ind1=" " ind2=" ">
    <subfield code="0">0</subfield>
    <subfield code="1">0</subfield>
    <subfield code="5">6</subfield>
    <subfield code="7">0</subfield>
    <subfield code="8">DS</subfield>
    <subfield code="a">BNPHU</subfield>
    <subfield code="b">BNPHU</subfield>
    <subfield code="c">HD</subfield>
    <subfield code="d">2011-05-16</subfield>
    <subfield code="i">LF1</subfield>
    <subfield code="l">0</subfield>
    <subfield code="o">917.293 G112s, 2005</subfield>
    <subfield code="p">527-100</subfield>
    <subfield code="r">2020-06-25</subfield>
    <subfield code="t">e. 4</subfield>
    <subfield code="w">2020-06-25</subfield>
    <subfield code="y">LF1</subfield>
    <subfield code="Z">Pr&#xE9;stamo en sala</subfield>
  </datafield>
  <datafield tag="952" ind1=" " ind2=" ">
    <subfield code="0">0</subfield>
    <subfield code="1">0</subfield>
    <subfield code="5">6</subfield>
    <subfield code="7">0</subfield>
    <subfield code="8">DS</subfield>
    <subfield code="a">BNPHU</subfield>
    <subfield code="b">BNPHU</subfield>
    <subfield code="c">HD</subfield>
    <subfield code="d">2011-05-16</subfield>
    <subfield code="i">LF1</subfield>
    <subfield code="l">0</subfield>
    <subfield code="o">917.293 G112s, 2005</subfield>
    <subfield code="p">527-110</subfield>
    <subfield code="r">2020-06-25</subfield>
    <subfield code="t">e. 5</subfield>
    <subfield code="w">2020-06-25</subfield>
    <subfield code="y">LF1</subfield>
    <subfield code="Z">Pr&#xE9;stamo en sala</subfield>
  </datafield>
  <datafield tag="952" ind1=" " ind2=" ">
    <subfield code="0">0</subfield>
    <subfield code="1">0</subfield>
    <subfield code="5">6</subfield>
    <subfield code="7">0</subfield>
    <subfield code="8">DS</subfield>
    <subfield code="a">BNPHU</subfield>
    <subfield code="b">BNPHU</subfield>
    <subfield code="c">HD</subfield>
    <subfield code="d">2011-03-03</subfield>
    <subfield code="i">LF1</subfield>
    <subfield code="l">0</subfield>
    <subfield code="o">917.293 G112s, 2005</subfield>
    <subfield code="p">527-30</subfield>
    <subfield code="r">2020-06-25</subfield>
    <subfield code="t">e. 3</subfield>
    <subfield code="w">2020-06-25</subfield>
    <subfield code="y">LF1</subfield>
    <subfield code="Z">Pr&#xE9;stamo en sala</subfield>
  </datafield>
  <datafield tag="952" ind1=" " ind2=" ">
    <subfield code="0">0</subfield>
    <subfield code="1">0</subfield>
    <subfield code="5">3</subfield>
    <subfield code="7">1</subfield>
    <subfield code="8">PD</subfield>
    <subfield code="a">BNPHU</subfield>
    <subfield code="b">BNPHU</subfield>
    <subfield code="c">HD</subfield>
    <subfield code="d">2009-08-18</subfield>
    <subfield code="i">LF1</subfield>
    <subfield code="l">0</subfield>
    <subfield code="o">917.293 G112s, 2005</subfield>
    <subfield code="p">527-10</subfield>
    <subfield code="r">2020-06-25</subfield>
    <subfield code="w">2020-06-25</subfield>
    <subfield code="y">LF1</subfield>
    <subfield code="Z">No se presta</subfield>
  </datafield>
  <datafield tag="952" ind1=" " ind2=" ">
    <subfield code="0">0</subfield>
    <subfield code="1">0</subfield>
    <subfield code="5">3</subfield>
    <subfield code="7">1</subfield>
    <subfield code="8">PD</subfield>
    <subfield code="a">BNPHU</subfield>
    <subfield code="b">BNPHU</subfield>
    <subfield code="c">HD</subfield>
    <subfield code="d">2009-09-09</subfield>
    <subfield code="i">LF1</subfield>
    <subfield code="l">0</subfield>
    <subfield code="o">917.293 G112s, 2005</subfield>
    <subfield code="p">527-20</subfield>
    <subfield code="r">2020-06-25</subfield>
    <subfield code="t">e. 2</subfield>
    <subfield code="w">2020-06-25</subfield>
    <subfield code="y">LF1</subfield>
    <subfield code="Z">No se presta</subfield>
  </datafield>
  <datafield tag="999" ind1=" " ind2=" ">
    <subfield code="c">525</subfield>
    <subfield code="d">525</subfield>
  </datafield>
</record>
